| 000 | 00385nam a2200109Ia 4500 | ||
|---|---|---|---|
| 008 | 171204s9999 xx 000 0 und d | ||
| 245 | _aBranded Women In U.s. Television: When People Become Corporations: (critical Studies In Television) | ||
| 245 | _cPeter Bjelskou | ||
| 260 | _c2013 | ||
| 650 | _xTV PRODUCTION AND DIRECTION | ||
| 856 | _uhttp://down.ebook777.com/022/9780739187937.pdf | ||
| 999 |
_c346189 _d346189 |
||